Đổi mới cơ chế quản lý đầu tư từ nguồn vốn ngân sách nhà nước

محفوظ في:
التفاصيل البيبلوغرافية
المؤلف الرئيسي: Pgs.Trần Đình Ty
التنسيق: كتاب
اللغة:Vietnamese
منشور في: Lao Động 2005
الوسوم: إضافة وسم
لا توجد وسوم, كن أول من يضع وسما على هذه التسجيلة!
Thư viện lưu trữ: Mạng thư viện Đại học Đà Nẵng
LEADER 00680nam a2200277 4500
001 000025935
003 1479
005 20150325120000.0
008 150325s vm 000 vie
020 |c 21000,0000 
040 |a D1 
100 |a Pgs.Trần Đình Ty 
245 |a Đổi mới cơ chế quản lý đầu tư từ nguồn vốn ngân sách nhà nước 
260 |b Lao Động  |c 2005 
300 |a 191tr. ; 
OWN |a LTT 
999 |a From the UDN01 
TYP |a Monograph 
TYP |a Printed language 
980 |a Mạng thư viện Đại học Đà Nẵng